|
|
|
|
| LEADER |
00934cam a2200253 7i4500 |
| 001 |
0000008117 |
| 005 |
20171110090000.0 |
| 020 |
|
|
|a 9780137604142
|
| 020 |
|
|
|a 0137604149 (pbk. ; international ed.)
|
| 020 |
|
|
|a 9780137363315
|
| 020 |
|
|
|a 0137363311 (hbk.)
|
| 090 |
0 |
0 |
|a QA303
|b .E24 1998
|
| 100 |
1 |
|
|a Edwards, C. Henry
|
| 245 |
1 |
0 |
|a Calculus with analytic geometry
|c C. Henry Edwards, David E. Penney.
|
| 250 |
|
|
|a 5th ed.
|
| 260 |
|
|
|a Upper Saddle River:
|b Prentice Hall,
|c 1998.
|
| 300 |
|
|
|a xv, 1020 p.:
|b col. ill.;
|c 26 cm.
|
| 650 |
0 |
0 |
|a Calculus
|
| 700 |
1 |
|
|a Penney, David E
|
| 997 |
|
|
|a Engineering & Life Sciences, Faculty
|b Engineering, Department
|
| 999 |
|
|
|a 0000001783
|b BOK
|c OPEN SHELF
|e 2nd Floor, Bestari Jaya
|
| 999 |
|
|
|a 0000001784
|b BOK
|c OPEN SHELF
|e 2nd Floor, Bestari Jaya
|
| 999 |
|
|
|a 0000021658
|b BOK
|c OPEN SHELF
|e 2nd Floor, Bestari Jaya
|
| 999 |
|
|
|a 0000021807
|b BOK
|c OPEN SHELF
|e 2nd Floor, Bestari Jaya
|